Loading...
| Current Events | 2 | 10.00 | 100% | 0% | 0% |
| Fine Arts - Classical Music | 4 | 7.50 | 75% | 25% | 0% |
| Fine Arts - Other Fine Arts | 4 | 25.00 | 100% | 100% | 50% |
| Fine Arts - Painting & Sculpture | 6 | 16.67 | 100% | 67% | 0% |
| History - American History | 9 | 8.89 | 78% | 22% | 0% |
| History - European History | 7 | 8.57 | 57% | 29% | 0% |
| History - Other History | 6 | 10.00 | 83% | 17% | 0% |
| History - World History | 11 | 9.09 | 82% | 9% | 0% |
| Literature - American Literature | 7 | 14.29 | 100% | 43% | 0% |
| Literature - British Literature | 7 | 14.29 | 100% | 29% | 14% |
| Literature - European Literature | 6 | 15.00 | 100% | 83% | 0% |
| Literature - World Literature | 6 | 18.33 | 100% | 67% | 17% |
| Mythology | 4 | 17.50 | 100% | 75% | 0% |
| Other Academic | 2 | 15.00 | 100% | 50% | 0% |
| Philosophy | 6 | 11.67 | 100% | 17% | 0% |
| Religion | 7 | 12.86 | 100% | 14% | 14% |
| Science - Biology | 5 | 8.00 | 80% | 0% | 0% |
| Science - Chemistry | 7 | 11.43 | 71% | 43% | 0% |
| Science - Other Science | 3 | 3.33 | 33% | 0% | 0% |
| Science - Physics | 7 | 10.00 | 100% | 0% | 0% |
| Social Science | 3 | 16.67 | 100% | 33% | 33% |